The Danish girl /

Saved in:
Bibliografiske detaljer
Hovedforfatter: Desplat, Alexandre (Composer)
Andre forfattere: Redmayne, Eddie (Actor), Bevan, Tim (Producer), Vikander, Alicia (Actor), Schoenaerts, Matthias (Actor), Whishaw, Ben (Actor), Fellner, Eric (Producer), Hooper, Tom (Director, Producer), Heard, Amber (Actor), Mutrux, Gail (Producer), Cohen, Danny (Photographer), Koch, Sebastian (Actor), Coxon, Lucinda (Scenarist)
Format: Slide
Sprog:italiensk
flere sprog
Udgivet: [Roma] : Universal Pictures Italia, ©2016
Tags: Tilføj Tag
Ingen Tags, Vær først til at tagge denne postø!

MARC

LEADER 00000ngm a22000007i 4500
001 IT\ICCU\VIA\0317183
003 ItRI
005 20260124182918.0
008 160620s2016 it |||||||||||||||k|||||c
024 3 1 |a 5053083055783 
028 4 2 |a 8305578  |b Universal Pictures Italia 
040 |b ita 
041 7 |a ita  |a mul  |2 ISO-639-2 
082 |a 791.43  |9 CINEMA  |2 14 
130 4 |a The Danish Girl <film ; 2015>  |3 IT\ICCU\RAV\2043909 
245 0 4 |a The Danish girl /  |c directed by Tom Hooper ; screenplay by Lucinda Coxon ; based on the book by David Ebershoff ; director of photography Danny Cohen ; music by Alexandre Desplat ; produced by Gail Mutrux, Anne Harrison, Tim Bevan ... [et al.] ; [cast] Eddie Redmayne. Alicia Vikander, Ben Whishaw ... [et al.]. 
260 |a [Roma] :  |b Universal Pictures Italia,  |c ©2016 
300 |a 1 DVD-Video (ca. 115 min.) ;  |c in contenitore, 19 cm 
500 |a Titolo del contenitore 
500 |a Produzione: Gran Bretagna/USA/Belgio/Danimarca/Germania, 2015 
500 |a Etichetta: Universal Pictures Italia 
500 |a c2016 Universal Studios.  
700 1 |a Redmayne, Eddie  |0 IT\ICCU\LO1V\354030  |4 act 
700 1 |a Bevan, Tim  |0 IT\ICCU\MODV\249742  |4 pro 
700 1 |a Vikander, Alicia  |0 IT\ICCU\MODV\654794  |4 act 
700 1 |a Schoenaerts, Matthias  |0 IT\ICCU\PUVV\400761  |4 act 
700 1 |a Whishaw, Ben  |0 IT\ICCU\RAVV\504726  |4 act 
700 1 |a Fellner, Eric  |0 IT\ICCU\RMSV\423082  |4 pro 
700 1 |a Ebershoff, David  |0 IT\ICCU\TO0V\403684  |4 ant 
700 1 |a Hooper, Tom  |0 IT\ICCU\UBOV\058570  |4 drt 
700 1 |a Hooper, Tom  |0 IT\ICCU\UBOV\058570  |4 pro 
700 1 |a Heard, Amber  |0 IT\ICCU\UBOV\350083  |4 act 
700 1 |a Desplat, Alexandre  |0 IT\ICCU\UBOV\493465  |4 cmp 
700 1 |a Mutrux, Gail  |0 IT\ICCU\UBOV\558154  |4 pro 
700 1 |a Cohen, Danny  |0 IT\ICCU\UBOV\926366  |4 pht 
700 1 |a Koch, Sebastian  |0 IT\ICCU\USMV\844873  |4 act 
700 1 |a Coxon, Lucinda  |0 IT\ICCU\VIAV\149593  |4 sce 
942 |2 ddc  |c VM  |n 0 
952 |0 0  |1 0  |4 0  |6 VO_2216_000000000000000  |7 0  |9 27965  |a BO  |b BO  |d 2026-01-24  |i 18234  |l 0  |o VO 2216  |p BO18234  |r 2026-01-24 18:29:18  |w 2026-01-24  |x [Sebina 5] [1 dvd]  |y VM  |z 1 dvd 
999 |c 23703  |d 23703